Κατάλογος Βιβλιοθηκών Mediterranean College

Λογιστική Κόστους / Λογιστική του Προκαθορισμένου Κόστους: Τεύχος ΙΙ (Record no. 4307)

MARC details
000 -LEADER
fixed length control field 01386cam a22002054a 4500
005 - ΗΜΕΡΟΜΗΝΙΑ ΚΑΙ ΩΡΑ ΤΕΛΕΥΤΑΙΑΣ ΕΝΗΜΕΡΩΣΗΣ
Πεδίο ελέγχου 20250605164142.0
008 - FIXED-LENGTH DATA ELEMENTS--GENERAL INFORMATION
Πεδίο ελέγχου σταθερού μήκους 250528s ||||||||||||||||||||||||d
035 ## - SYSTEM CONTROL NUMBER
System control number 19018
020 ## - ISBN
ISBN 960854324X
040 ## - ΠΗΓΗ ΚΑΤΑΛΟΓΟΓΡΑΦΗΣΗΣ
Φορέας πρωτότυπης καταλογογράφησης MC Athens Campus Library
Γλώσσα καταλογογράφησης Ελληνικά, Μοντέρνα (1453-)
Modifying agency MC Athens Campus Library
Κανόνες περιγραφικής καταλογογράφησης AACR2
245 1# - ΤΙΤΛΟΣ ΚΑΙ ΔΗΛΩΣΗ ΥΠΕΥΘΥΝΟΤΗΤΑΣ
Τίτλος Λογιστική Κόστους / Λογιστική του Προκαθορισμένου Κόστους: Τεύχος ΙΙ
260 ## - PUBLICATION, DISTRIBUTION, ETC.
Name of publisher, distributor, etc. Θεσσαλονίκη,
Date of publication, distribution, etc. 1978
300 ## - PHYSICAL DESCRIPTION
Extent 168
505 0# - FORMATTED CONTENTS NOTE
Formatted contents note Πρόλογος, Εισαγωγή, Το Κατ' Εκτίμηση Κόστος και η Λογιστική του, Ο Προγραμματισμός και ο Έλεγχος της Δράσεως των Επιχειρήσεων μέσω των Προϋπολογισμών - Προϋπολογιστικό Κόστος, Στοιχεία Λογιστικής Πρότυπου Κόστους.
520 ## - SUMMARY, ETC.
Summary, etc. Πρόλογος, Εισαγωγή, Το Κατ' Εκτίμηση Κόστος και η Λογιστική του, Ο Προγραμματισμός και ο Έλεγχος της Δράσεως των Επιχειρήσεων μέσω των Προϋπολογισμών - Προϋπολογιστικό Κόστος, Στοιχεία Λογιστικής Πρότυπου Κόστους.
700 1# - ΠΡΟΣΘΕΤΗ ΑΝΑΓΡΑΦΗ--ΦΥΣΙΚΟ ΠΡΟΣΩΠΟ
Personal name Ιγνατιάδης Αριστοκλής
9 (RLIN) 5298
942 ## - ADDED ENTRY ELEMENTS (KOHA)
Koha item type Books
Holdings
Τύπος τεκμηρίου Βιβλιοθήκη Τρέχουσα τοποθεσία Barcode Αριθμός εισαγωγής Ημερομηνία απόκτησης Ταξιθετικό σύμβολο Αριθμός αντιτύπου Κατάσταση απόσυρσης Κατάσταση χαμένου Κατάσταση κατεστραμμένου Μη δανεισμός Σύνολο δανεισμών Ημερομηνία τελευταίας εμφάνισης Η τιμή ισχύει από
Books MC Athens Campus Library MC Athens Campus Library 9780000043061 3953 05/06/2025 657.42 IGN 1           05/06/2025 05/06/2025

MC Athens Campus Library
Πατησίων 94 & Κοδριγκτώνος 13, 104 34
Πελλήνης 8 & Πατησίων 107, 112 51
Τ: +30 210 8899600

MC Thessaloniki Campus Library
Ίωνος Δραγούμη 21, 54625 | Ίωνος Δραγούμη 15, 54625
Τ: +30 2310 287779 – Τ: +30 2314 440300